Statistics for South American Countries Quiz

Click here to take the quiz!

General Stats

  • This quiz has been taken 76 times
  • The average score is 11 of 16

Answer Stats

Answer% Correct
3Brazil
98%
1Argentina
94%
4Chile
94%
11Uruguay
94%
12Venezuela
94%
8Paraguay
91%
9Peru
89%
5Colombia
85%
2Bolivia
79%
6Ecuador
79%
7Guyana
77%
10Suriname
77%
D3French Guinea
34%
D4Trinidad and Tobago
32%
D1Aruba
15%
D2Falkland Islands
13%

Score Distribution

Percentile by Number Answered

Percent of People with Each Score

Your Score History

You have not taken this quiz